000
00321nam a22001457a 4500
008
210305b ||||| |||| 00| 0 eng d
020
_a
9780893030766
041
_a
eng
080
_2
3rd
_a
616.12
082
_a
616.12
100
_a
7
101
_a
KARDIO
245
_a
Basic Arrhythmias
_c
Walraven, G
942
_2
udc
_c
BK
999
_c
55872
_d
55872